000 01368cab a2200289 4500
001 ABS55559
008 090401t1996 xxu||||| |||| 00| 0 eng d
035 _a(Sirsi) u17315
041 _aeng
245 _aEuripides v Gascoyne Holdings Ltd
260 _c1996
350 _a0
490 _aRent Review & Lease Renewal
_v16(2) Summer 1996
520 _aCA 27 June 1995. Lease contained a rent review clause which provided for disregard of tenant`s improvements unless in pursuance of the terms of the lease. Rent review was referred to an arbitrator who stated that the award reflected all works of improvement carried out during term of the lease. E sought leave out of time to appeal against the award for error of law. G sought to strike out the motion for want of prosecution. High Court allowed E`s application for leave to appeal out of time. G appealed. "Held" arbitrator`s assessment could not be characterised as a prima facie error of law. Appeal allowed.
650 _aARBITRATION AWARDS
650 _aDISREGARDS
650 _aERROR OF LAW
650 _aEURIPIDES V GASCOYNE HOLDINGS LTD
650 _aLEAVE TO APPEAL
650 _aOUT OF TIME
650 _aRENT REVIEWS
650 _aTENANTS IMPROVEMENTS
690 _aARBITRATION-CASE LAW
690 _aLANDLORD AND TENANT-CASE LAW-RENT REVIEWS
942 _n0
948 _c04/03/1997
999 _c11483
_d11483